Survivor Players Last Names (41-48) - Statistics

General Stats
  • This quiz has been taken 144 times
    24 since last reset
  • The average score is 53 of 144
Answer Stats
Season First Name Last Name % Correct
Joe Hunter
89%
Mike Gabler
83%
Rachel LaMont
78%
Helen Li
78%
Owen Knight
72%
Maryanne Oketch
72%
Charlie | Tevin Davis
67%
Emily Flippen
67%
Kyle Fraser
67%
Austin Li Coon
67%
Mike Turner
67%
Jonathan | Morriah Young
67%
Jesse Lopez
61%
J. Maya
61%
Kenzie Petty
61%
Shan Smith
61%
Carolyn Wiger
61%
Survivor 41 Eric Abraham
56%
Drew Basile
56%
Q Burdette
56%
Genie Chen
56%
Cassidy Clark
56%
Eva Erickson
56%
Survivor 42 Jackson Fox
56%
Xander Hastings
56%
Survivor 46 David Jelinsky
56%
James Jones
56%
Jenny Kim
56%
Survivor 47 Jon Lovett
56%
Sam Phalen
56%
Sue Smey
56%
David Voce
56%
Drea Wheeler
56%
Cody Assenmacher
50%
Karla Cruz Godoy
50%
Ricard Foye
50%
Chanelle Howell
50%
Danny McCray
50%
Jake O'Kane
50%
JD Robinson
50%
Andy Rueda
50%
Katurah Topps
50%
Liana Wallace
50%
Sara Wilson
50%
Genevieve Mushaluk
44%
Brad Reese
44%
Survivor 45 Hannah Rose
44%
Sydney Segal
44%
Dee Valladares
44%
Liz Wilcox
44%
Yam Yam Arocho
39%
Erika Casupanan
39%
Jessica Chong
39%
Evvie Jagoda
39%
Ryan Medrano
39%
Tori Meehan
39%
Tiffany Seely
39%
Tim Spicer
39%
Daniel Strunk
39%
Star Toomey
39%
Venus Vafa
39%
Zach Wurtenberger
39%
Sol YI
39%
Omar Zaheer
39%
Jeanine | Mary Zheng
39%
Julie Alley
33%
Rocksroy Bailey
33%
Justine Brennan
33%
Shauhin Davari
33%
Brandon Donlon
33%
Carson Garrett
33%
Hai Giang
33%
Swati Goel
33%
Bhanu Gopal
33%
Ben Katzman
33%
David Kinne
33%
Frannie Marin
33%
Lydia Meredith
33%
Survivor 44 Bruce Perreault
33%
Justin Pioppi
33%
Deshawn Radden
33%
Soda Thompson
33%
Sierra Wright
33%
Rome Cooney
28%
Romeo Escobar
28%
TK Foster
28%
Kane Fritzler
28%
Lauren Harpe
28%
Thomas Krottinger
28%
Kellie Nalbandian
28%
Tiffany Nicole Ervin
28%
Gabe Ortis
28%
Kishan Patel
28%
Caroline Vidmar
28%
Sarah Wade
28%
Aysha Welch
28%
Matt Blankinship
22%
Lindsay Carmine
22%
Teeny Chirichillo
22%
Brandon Cottom
22%
Anika Dhar
22%
Moriah Gaynor
22%
Mitch Guerra
22%
Tiyana Hallums
22%
Sai Hughley
22%
Kamilla Karthigesu
22%
Noelle Lambert
22%
Cedrek McFadden
22%
Dwight Moore
22%
Maddy Pomilla
22%
Claire Rafson
22%
Maria Shrime Gonzalez
22%
Josh Wilder
22%
Heather Aldret
17%
Sean Edwards
17%
Kaleb Gebrewold
17%
Sami Layadi
17%
Kevin Leung
17%
Danny Massa
17%
Hunter McKnight
17%
Bianca Roses
17%
Survivor 47 Stephanie Berger
11%
Geo Bustamante
11%
Lindsay Dolashewich
11%
Matthew Grinstead-Mayle
11%
Jem Hussain-Adams
11%
Jaime Lynn Ruiz
11%
Brando Meyer
11%
Naseer Muttalif
11%
Charity Nelms
11%
Kyle Ostwald
11%
Elie Scott
11%
Marya Sherron
11%
Sifu Alsup
6%
Sabiyah Broderick
6%
Nneka Ejere
6%
Heidi Lagares-Greenblatt
6%
Kendra McQuarrie
6%
Randen Montalvo
0%
Chrissy Sarnowsky
0%
No matching quizzes found
Score Distribution
Percent of People with Each Score
Percentile by Number Answered
Your Score History
You have not taken this quiz since the last reset